Mercados potenciales 1997 : el mercado de los consumidores mexicanos por niveles socioeconómicos /

I tiakina i:
Ngā taipitopito rārangi puna kōrero
Kaituhi matua: López Altamirano, Alfredo A. (autor)
Ētahi atu kaituhi: Loera y Sánchez Castellanos, María de Jesús
Hōputu: Pukapuka
Reo:Pāniora
Ngā marau:
Ngā Tūtohu: Tāpirihia he Tūtohu
Kāore He Tūtohu, Me noho koe te mea tuatahi ki te tūtohu i tēnei pūkete!

MARC

LEADER 00000nam^a2200000^a^4500
001 000064380
005 20250521000000.0
009 20260310091102.278
037 |a Acervo ITESO - Biblioteca 
041 |a ESP 
082 |a 381. 0972  |b MER 1997 
100 |a López Altamirano, Alfredo A.  |e (autor) 
240 1 1 |a [Mercados potenciales] 
245 1 0 |a Mercados potenciales 1997 :  |b el mercado de los consumidores mexicanos por niveles socioeconómicos /  |c A.A. López Altamirano, M.J. Loera y Sánchez Castellanos. 
264 |a México :  |b Sigma,  |c 1997 
300 |a 171 p. 
336 |a texto  |b txt  |2 rdacontenido 
337 |a sin mediación  |b n  |2 rdamedio 
338 |a volumen  |b nc  |2 rdasoporte 
649 |a XX 
650 |a Comercio Interior -  |z México -  |x Estadísticas 
650 |a Segmentación del Mercado -  |z México 
650 |a Investigación de Mercado -  |z México 
650 |a Mercadotecnia 
650 |a Población -  |z México 
650 |a Demografía -  |z México 
650 |a Economía -  |z México -  |x Historia -  |y 1994-2000 
650 |a Economía -  |z México -  |x Estadísticas 
700 |a Loera y Sánchez Castellanos, María de Jesús 
910 |a Fondo General 
920 |a Impresos - Libros 
930 |a Obras de Referencia 
905 |a 102 
901 |a 0500017391  |b IT2  |c REF  |u 20250521 
902 |a https://opac.biblio.iteso.mx/vufind/Record/000064380